000 00576nam a2200241 a 4500
001 nice12345678
003 IN_TiNIC
005 20260116012800.0
008 050524s1978 laha grp 000 0 urd
020 _a
_c2.5
082 0 0 _a232.5
_bTOR
100 _aTori, R A
245 _aKhudawand Masih Ki Aamad-e-sani.
260 _aLahore
_bMasihi Ishaat Khana
_c1978
300 _a96p
500 _aincludes index and biblioraphy
505 2 _aIndex
650 _aJesus Christ-Resurrection
700 1 _aTori, R A
902 _bSRS
942 _cBK
999 _c8343
_d8343